| 000 | 00000cam 2200000zi 4500 |
| 001 | 9.927286 |
| 003 | CaOODSP |
| 005 | 20260312101400 |
| 006 | m o d f |
| 007 | cr ||||||||||| |
| 008 | 230914e202406 onc o f000 0 fre d |
| 020 | |a9780660679280 |
| 040 | |aCaOODSP|bfre|erda|cCaOODSP |
| 043 | |an-cn--- |
| 086 | 1 |aT86-77/2023F-PDF |
| 245 | 00|aGuide à l'intention des exploitants de bâtiments canadiens pour la mise en conformité avec le Règlement sur le système de gestion de la sécurité Maritime. |
| 250 | |aPremière édition. |
| 264 | 1|a[Ottawa] : |bTransports Canada = Transport Canada, |cjuin 2024. |
| 264 | 4|c©2024 |
| 300 | |a1 ressource en ligne (v, 29 pages) |
| 336 | |atexte|btxt|2rdacontent/fre |
| 337 | |ainformatique|bc|2rdamedia/fre |
| 338 | |aressource en ligne|bcr|2rdacarrier/fre |
| 500 | |aLe fichier de publication en format PDF a été remplacé le 06-12-2024, le 20-02-2026, et le 12-03-2026 à la requête de Transports Canada, dont le résultat consiste seulement en des réglages insignifiants sans rapport au contenu textuel. |
| 500 | |aPublié aussi en anglais sous le titre : Guide for Canadian vessels' operators for compliance with the Marine Safety Management System Regulations. |
| 520 | |a« Ce document a été élaboré par la Direction de la sécurité maritime et de la sûreté de Transports Canada (SSMTC) pour expliquer comment les parties prenantes doivent se conformer aux exigences du Règlement sur le système de gestion de la sécurité maritime (RSGSM) » -- Comment utiliser ce guide, page 1. |
| 650 | 6|aNavires|xSécurité|xRèglements|zCanada. |
| 650 | 6|aNavigation|zCanada|xSécurité|xMesures. |
| 710 | 1 |aCanada. |bTransports Canada, |eorganisme de publication. |
| 775 | 08|tGuide for Canadian vessels' operators for compliance with the Marine Safety Management System Regulations.|w(CaOODSP)9.927285 |
| 856 | 40|qPDF|s785 Ko|uhttps://publications.gc.ca/collections/collection_2024/tc/T86-77-2023-fra.pdf |
| 986 | |aTP 15566E (06/2024) |